Badminton - Olympic Men's Singles Medalists - Statistics

General Stats
  • This quiz has been taken 663 times
    255 since last reset
  • The average score is 12 of 27
Answer Stats
Answer % Correct
Lin Dan
89%
Viktor Axelsen
87%
Lee Chong Wei
86%
Lee Zii Jia
86%
China
81%
Denmark / Indonesia
81%
Denmark
79%
Chen Jin
78%
Chen Long
77%
Malaysia
76%
Indonesia
66%
Thailand
60%
Kunlavut Vitidsarn
47%
Taufik Hidayat
44%
Anthony Ginting
42%
South Korea
37%
Alan Budikusuma
14%
Ji Xinpeng
13%
Xia Xuanze
12%
Hendrawan
11%
Poul-Erik Høyer Larsen
11%
Rashid Sidek
9%
Sony Dwi Kuncoro
9%
Ardy Wiranata
7%
Dong Jiong
7%
Shon Seung-mo
7%
Thomas Stuer-Lauridsen / Hermawan Susanto
7%
No matching quizzes found
Score Distribution
Percent of People with Each Score
Percentile by Number Answered
Your Score History
You have not taken this quiz since the last reset